Кошовий отаман Іван Сірко (Запис № 351106)

МАРК-запис
000 -Лідер
fixed length control field 00693nam a22002537a 4500
001 - Контрольний номер
control field 65009
003 - Ідентифікатор контрольного номера
control field UA-OsUOA
005 - Дата та час останнього входження (трансакції)
control field 20200227102716.0
007 - Фіксоване поле фізичного опису
fixed length control field ta
008 - Елементи даних фіксованої довжини – загальна інформація
fixed length control field 20091112b un ||||| |||| 00| 0 ukr d
020 ## - Міжнародний стандартний книжковий номер (ISBN)
Міжнародний стандартний книжковий номер (ISBN) (НП) 9789660244382
040 ## - Джерело каталогізації
Агенція оригінальної каталогізації UA-OsUOA
Мова каталогізації ukr
Агенція, яка здійснювала перезапис UA-OsUOA
Агенція, яка здійснювала модифікацію UA-OsUOA
041 ## - Код мови
Код мови тексту/ звукової доріжки чи окремого заголовка (П) ukr
080 ## - Індекс Універсальної десяткової класифікації
Індекс Універсальної десяткової класифікації (УДК) (НП) 94(477).04
090 ## - Локальний шифр розміщення
Класифікаційний індекс УДК 94(477).04
Авторський знак (НП) М31
100 ## - Основне введення – ім’я особи
Ім’я особи (НП) Маслійчук В.
245 ## - Відомості про назву
Назва (НП) Кошовий отаман Іван Сірко
260 ## - Публікація, розповсюдження і т.п. (Вихідні дані)
Місце публікації, розповсюдження і т.п. (П) К.
Дата публікації, розповсюдження і т.п. (П) 2007
300 ## - Фізичний опис
Обсяг 73 с.
650 #7 - Додаткове предметне введення – тематичний термін
Тематичний термін чи географічна назва, як елемент введення (НП) 9 Географія. Біографії. Історія
Джерело заголовка чи терміна UDC
942 ## - Додаткові елементи входу (Коха)
Тип елемента Koha Книги
Source of classification or shelving scheme Universal Decimal Classification
955 ## - Код типу видання за змістом
Код типу видання за змістом (НП) Науково-популярні видання
Фонди
Стан вилучень Стан втрат Джерело класифікації або схеми стелажів Стан уражень Не для кредиту Код колекції Постійне місце розташування Поточне розміщення Дата придбання Джерело придбання Вартість, звичайна ціна покупки Інвентарний номер Усього замовленно Повний номер виклику Штрих-код Дата останнього перегляду Ціна ефективна від Тип елемента Koha
    Universal Decimal Classification     Колекція Томенка М.В. ЧЗ - Читальна зала ЧЗ - Читальна зала 12/11/2009 129/2009 12.00 124611   94(477).04 М31 124611 24/01/2022 12/11/2009 Книги
    Universal Decimal Classification     Колекція Томенка М.В. ЧЗ - Читальна зала ЧЗ - Читальна зала 23/09/2010 78/2010 12.00 129558   94(477).04 М31 129558 29/09/2021 12/11/2009 Книги
    Universal Decimal Classification     Колекція Жулинського М.Г. ЧЗ - Читальна зала ЧЗ - Читальна зала 09/12/2009 132/2009 7.00 125158   94(477).04 М31 125158 15/02/2022 09/12/2009 Книги